| 000 | 00912 a2200229 4500 | ||
|---|---|---|---|
| 999 |
_c761 _d761 |
||
| 020 | _a9780198806226 | ||
| 050 | _aK4610 MAT 2015 | ||
| 100 |
_aMatsushita, Mitsuo, _eauthor |
||
| 245 |
_aThe World Trade Organization: _blaw, practice, and policy / _cMitsuo Matsushita, Thomas J. Schoenbaum, Petros C. Mavroidis, Michael Hahn |
||
| 264 |
_aOxford, United Kingdom : _bOxford University Press, _c2015 |
||
| 300 | _axci, 849 p. | ||
| 440 | _aIncludes bibliographical references and index | ||
| 500 | _aIncludes bibliographical references and index | ||
| 650 | _aWorld Trade Organization | ||
| 650 | _aGeneral Agreement on Tariffs and Trade (Organization) | ||
| 650 | _aTariff -- Law and legislation | ||
| 650 | _aForeign trade regulation | ||
| 700 |
_aSchoenbaum, Thomas J., _eauthor |
||
| 700 |
_aMavroidis, Petros C., _eauthor |
||
| 700 |
_aHahn, Michael J., _eauthor |
||
| 942 |
_2lcc _cBK _e3rd ed. _h4610 _iMAT _kK |
||